Lokomotywy i zespoły trakcyjne PKP IC - Statystyki

Ogólne statystyki
  • Ten quiz został rozwiązany 74 razy
  • Średni wynik to 14 z 18
Statystyki odpowiedzi
Obrazkowy Odpowiedź % Poprawnych
EP09
100%
EP07
98%
EU07
98%
EP05
93%
EU160
93%
SM42
92%
EU44
90%
EP08
88%
EU200
88%
ED160
85%
ED250
85%
ED161
75%
EU07A
70%
ED74
65%
SU160
62%
EU46
43%
SM60
28%
SM42 18D
3%
Nie znaleziono quizów pasujących do podanych kryteriów
Rozkład punktacji
Procent ludzi z każdym wynikiem
Percentyl według liczby udzielonych odpowiedzi
Twoja historia wyników
Nie rozwiązałeś tego quizu